| 000 | 00743nam a2200241Ia 4500 | ||
|---|---|---|---|
| 003 | OSt | ||
| 005 | 20260327141038.0 | ||
| 008 | 210716s2015 xx 000 0 und d | ||
| 020 | _a9789339221775 | ||
| 040 | _cAIMIT LIBRARY | ||
| 041 | _aeng | ||
| 082 |
_a658.4063 _21 _bPYZT |
||
| 100 |
_aPyzdek, Thomas. _9259589 |
||
| 245 |
_aSix sigma handbook / _cBy Thomas Pyzdek and Paul Keller. |
||
| 250 | _a4th ed. | ||
| 260 |
_aNew Delhi : _bTata McGraw Hill Publishing Company Ltd , _c2015. |
||
| 300 |
_axiv,690 p.; _bPB _c24.7 cm. |
||
| 650 |
_aDat adriven management _9259590 |
||
| 650 |
_aImprove design phase _9259591 |
||
| 650 |
_aContro; verify phase _9259592 |
||
| 700 |
_aKeller, Paul. _9259593 |
||
| 942 |
_2ddc _cBK _e4 _k658.4063 PYZT |
||
| 999 |
_c195295 _d195295 |
||